000 01132nam a22002777a 4500
999 _c65954
_d65954
005 20240530110851.0
008 200912s2019 ua a f b 000 0dara d
017 _a2018/15424
_bمصر. دار الكتب
020 _a9789779214894
040 _aEG-CaGPL
_cEG-CaGPL
082 0 4 _221
_a331.59\
_bق/هـ ت
100 0 _aهبة هجرس احمد هجرس
245 1 2 _aالتسويق الصعب :
_bالاعاقة والعمالة فى مصر : دراسة نقدية /
_cتاليف هبة هجرس احمد هجرس ؛ ترجمة سهام عبدالسلام
250 _aط.1
260 _aالقاهرة :
_bالمركز القومى للترجمة ،
_c2019
300 _a443 ص. ؛
_c24 سم.
490 0 _aالمركز القومى للترجمة ؛
_v3239
504 _aيشتمل على ارجاعات ببليوجرافية
650 0 7 _aالمعوقون
_2qrmak
_xتشغيل
650 0 7 _aالمعوقون
_zمصر
650 0 7 _aالمعوقون
_xتدريب
651 _2qrmak
700 0 _aسهام عبدالسلام
_eمترجم
942 _2ddc
_cBK